000 00654nam a2200181Ia 4500
003 GCL
008 140319s9999 xx 000 0 ara d
040 _aGCL /
_cGCL
082 0 4 _aد
_b050
_bد هـ
245 1 0 _aفى مصر تتعانق الاديان الثلاثة ( الهلال ابريل 2001 )
260 _aالقاهرة :
_bدار الهلال للطباعة والنشر ،
_c2001
650 0 4 _aالولايات المتحدة الامريكية
650 0 4 _aمصر القديمة
650 0 4 _aالكاريكاتير
650 0 4 _aالاطفال - تعليم
650 0 4 _aمصر - تاريخ - العصر الحديث
942 _2ddc
_cCR
999 _c6674
_d6674